CBS, Time Warner duke it out over fees /

Time Warner Cable is balking at renewing an agreement to carry CBS's broadcast network on its pay-TV system because the entertainment company is asking for too much money. RBC Capital Markets Analyst David Bank speaks with Scarlet Fu on Bloomberg Television's 'Market Makers.'

Bibliographic Details
Corporate Author: Bloomberg News (Firm) (Producer)
Format: Video
Language:English
Language Notes:In English.
Published: New York : Bloomberg, 2013.
Series:Business and education in video
Subjects:
Online Access:Connect to this streaming video (Alexander Street Press)

MARC

Tag First Indicator Second Indicator Subfields
LEADER 00000cgm a2200000 a 4500
001 in00005537721
006 m o c
007 cr |na---||a|a
007 vz |za|z|
008 140428s2013 nyu005 e o vueng d
005 20241201225611.1
035 |a (OCoLC)ocn890729656 
040 |a ALSTP  |b eng  |e pn  |c ALSTP  |d OCLCO  |d OCLCF  |d OCLCQ  |d OCLCO  |d OCLCA  |d OCLCQ  |d AU@  |d WYU  |d OCLCO  |d OCLCL  |d OCLCQ  |d CJT  |d YWS 
019 |a 1373503052 
035 |a (OCoLC)890729656  |z (OCoLC)1373503052 
050 4 |a HF 
049 |a TXAM 
245 0 0 |a CBS, Time Warner duke it out over fees /  |c produced by Bloomberg. 
260 |a New York :  |b Bloomberg,  |c 2013. 
300 |a 1 online resource (5 min.). 
306 |a 000440 
336 |a two-dimensional moving image  |b tdi  |2 rdacontent 
337 |a computer  |b c  |2 rdamedia 
338 |a online resource  |b cr  |2 rdacarrier 
347 |a data file  |2 rda 
490 0 |a Business and education in video 
500 |a Title from resource description page (viewed Apr. 28, 2014). 
520 |a Time Warner Cable is balking at renewing an agreement to carry CBS's broadcast network on its pay-TV system because the entertainment company is asking for too much money. RBC Capital Markets Analyst David Bank speaks with Scarlet Fu on Bloomberg Television's 'Market Makers.' 
546 |a In English. 
650 0 |a Television. 
650 2 |a Television 
650 6 |a Télévision. 
650 7 |a Television.  |2 fast  |0 (OCoLC)fst01146535 
655 7 |a Television news programs.  |2 fast  |0 (OCoLC)fst01710455 
655 7 |a Television news programs.  |2 lcgft 
655 7 |a Téléjournaux.  |2 rvmgf 
710 2 |a Bloomberg News (Firm)  |4 pro 
758 |i has work:  |a CBS, Time Warner Duke It Out Over Fees (MovingImage)  |1 https://id.oclc.org/worldcat/entity/E39PCYwKfCMDjPdDqmGj9v7TH3  |4 https://id.oclc.org/worldcat/ontology/hasWork 
856 4 0 |u http://proxy.library.tamu.edu/login?url=https://www.aspresolver.com/aspresolver.asp?AVN2;2390401  |z Connect to this streaming video (Alexander Street Press)  |t 0 
955 |a Alexander Street Press subscription streaming video 
994 |a 92  |b TXA 
999 f f |s 84dce8a7-94ed-4932-8b95-8bbef667809c  |i 0bc75303-9266-4b45-899c-36a0d68d1551  |t 0 
952 f f |a Texas A&M University  |b College Station  |c Electronic Resources  |d Available Online  |t 0  |e HF   |h Library of Congress classification 
998 f f |a HF   |t 0  |l Available Online